000 00575nam a2200181Ia 4500
003 GCL
008 140319s9999 xx 000 0 ara d
040 _aGCL /
_cGCL
082 0 4 _aفيديو
_b127
245 1 0 _aمجلة المعرفة(الشريط الخامس)
260 _a[S.N] :
_bلا يوجد
490 _aموسوعة غرائب الطبيعة
_v0
650 0 4 _aالحيوانات المفترسة
650 0 4 _aالحيوانات الصحراوية
650 0 4 _aالمناظر الطبيعية
650 0 4 _aالحيوانات - تربية
942 _2ddc
_cBK
999 _c33889
_d33889